| 000 | 00926nam a22002775i 4500 | ||
|---|---|---|---|
| 001 | 172816 | ||
| 003 | ES-MaACL | ||
| 005 | 20230906215037.0 | ||
| 008 | 090910s2003 sp |||| | spa d | ||
| 020 | _a84-393-6276-5 | ||
| 080 | _a329(460.23) | ||
| 080 | _a32(460)"1975/..." | ||
| 080 | _a32(460.23)"1975/..." | ||
| 100 | 1 |
_aPujol, Jordi. _994337 |
|
| 245 | 1 | 0 |
_aDesde la Constitución hasta hoy : _bsede del Colegio de Abogados de Madrid, 17 de septiembre de 2003 / _cJordi Pujol. |
| 250 | _a1ª ed. | ||
| 260 |
_a[Barcelona] : _bDepartament de la Presidència, _c2003. |
||
| 300 |
_a31 p. ; _c20 cm. |
||
| 490 | 1 | _aCol·lecció Missatges | |
| 610 | 2 | 4 |
_aConvergència i Unió. _9141251 |
| 651 | 4 |
_aEspaña- _xPolítica y gobierno- _y1975- _9159606 |
|
| 651 | 4 |
_aCataluña- _xPolítica y gobierno. _98025 |
|
| 830 | 1 |
_aCol·lecció Missatges _9223435 |
|
| 852 | 4 |
_aES-MaACL _j2300-F-29 |
|
| 999 |
_c172816 _d172816 |
||